000 00651nam a2200205Ii 4500
003 JO-AjNU
008 230605s9999||||xx |||||||||||||| ||und||
040 _aJO-AjNU
_bara
_erda
_cJO-AjNU
041 _aara
050 1 4 _aQ175
100 3 _aجوهرى، طنطاوى,
_eauthor
_936023
245 0 0 _aمن بهجة العلوم في الفلسفة العربية وموازنتها يالعلوم العصرية
250 _aد.ط
264 3 1 _a د.م :د.ن ، د.ت
300 _a328ص
336 _atext
_btxt
_2rdacontent
337 _aunmediated
_bn
_2rdamedia
338 _avolume
_bnc
_2rdacarrier
650 4 _aعلوم - فلسفة
_936024
999 _aA14929
_c18497
_d18497